000 00859nam a2200193 a 4500
001 000034116
005 20200930070804.0
008 110926s1985 fr 000 0 spa d
020 _a2865371123
040 _aDO-SdBNP
_bspa
_cBNPHU
100 1 _aMétral, Antoine Marie Thérèse,
_d1778-1939.
_959548
245 1 0 _aHistoire de L´expédition des Francais a Saint-Domingue :
_bsous le consultat de Napoléon Bonaparte /
_cpar Antoine Métral; suivie des Mémoires et notes d'Isaac Louverture, sur la méme expédition, et sur la vie de son pére.
260 _aParis :
_bKarthala
_bDu Centre Nacional de Lettres,
_c1985.
300 _a348 p. ;
_c21 cm.
500 _aIncluye referencias bibliográficas y notas al pie de las páginas
533 _aFacsimil
_bParis
_d1825
_cFanjat A¡né Fanjat
700 1 _aToussaint Louverture, Isaac.
_959549
049 _aBNPD
999 _c33607
_d33607